The Phantom of the Opera all lyrics - Statistics

General Stats
  • This quiz has been taken 243 times
  • The average score is 207 of 255
Answer Stats
Answer % Correct
I
98%
of
98%
The
98%
the
98%
(the
98%
he
96%
In
95%
in
95%
is
95%
opera
95%
phantom
95%
Phantom
95%
you
95%
You
95%
me
94%
my
94%
My
94%
(my
94%
inside
93%
(inside
93%
Inside
93%
mind
93%
mind)
93%
there
93%
there)
93%
to
93%
To
93%
sing
91%
Sing
91%
your
91%
Your
91%
and
89%
And
89%
For
89%
for
89%
dream
88%
came
86%
dreams
86%
hear
86%
again
85%
sang
84%
That
84%
once
83%
over
83%
sleep
83%
voice
83%
voice)
83%
power
81%
name
80%
now
80%
with
80%
calls
79%
duet
79%
Its
79%
strange
79%
our
78%
speaks
78%
they
78%
though
78%
who
78%
from
77%
find
76%
have
76%
one
76%
stronger
76%
am
75%
angel
75%
grows
75%
turn
75%
behind
74%
wear
74%
which
74%
yet
74%
fear
73%
music
73%
Music
73%
do
72%
back
71%
face
71%
glance
71%
He's
71%
mask
71%
spirit
71%
Those
71%
combined
69%
seen
69%
here
66%
draw
65%
this
55%
all
53%
night
49%
where
47%
always
42%
fantasies
42%
come
41%
brought
40%
labyrinth
40%
man
40%
knew
39%
mystery
39%
were
38%
both
37%
blind
33%
alone
31%
Beware,
30%
purpose
30%
sweet
29%
must
25%
heard
24%
moment
24%
pay
22%
first
21%
homage
21%
needed
20%
serve
20%
throne
20%
kingdom
19%
music's
19%
Since
19%
seat
15%
No matching quizzes found
Score Distribution
Percent of People with Each Score
Percentile by Number Answered
Your Score History
You have not taken this quiz